00282nam a2200109Ia 450000500170000000800410001710000220005824500540008026000140013430000110014865000130015920260328104317.0260328s9999||||xx |||||||||||||| ||und|| aChisholm, Michael 0aRural Settlement and land Use /cMichael Chisholm bgeography a183 p. aTEORÍA